Fotografie - Medium und Archiv
| Titel: | Fotografie - Medium und Archiv : neuer interdisziplinärer Masterstudiengang an der Philipps-Universität Marburg |
|---|---|
| Verfasser: | ; |
| In: |
Rundbrief Fotografie, Band 32, Heft 1 (2025), Seite 49-50 alle Artikel anzeigen |
| Veröffentlicht: | 2025 |
| Umfang: | Illustrationen |
| Format: | Aufsatz |
| Sprache: | Deutsch |
| Hinweise zum Inhalt: |
Volltext
|
X
alg: 54179352 001A $03036:05-02-26 001B $01999:05-02-26 $t21:53:18.000 001D $03036:05-02-26 001U $0utf8 001X $00 002@ $0Aou 002C $aText $btxt $2rdacontent 002D $aohne Hilfsmittel zu benutzen $bn $2rdamedia 002E $aBand $bnc $2rdacarrier 003@ $0541793527 007A $0541793527 $aHEB 009P $3Volltext $uhttps://www.degruyterbrill.com/journal/key/rbf/32/1/html 010@ $ager 010E $erda 011@ $a2025 021A $aFotografie - Medium und Archiv $dneuer interdisziplinärer Masterstudiengang an der Philipps-Universität Marburg 028A $BVerfasser $4aut $7120756358 $8Locher, Hubert$Z1963- [Tp3] $9152287302 028C $BVerfasser $#Ruchatz, J. $4aut $71030017905 $8Ruchatz, Jens$Z1969- [Tp1] $9315721871 031A $d32 $e1 $h49-50 $j2025 034M $aIllustrationen 039B $aEnthalten in $8--Abvc--. Rundbrief Fotografie. - Berlin : Deutscher Kunstverlag, 1993-. - ISSN 0945-0327 $x202500000320001951 $9048641111 045T $a9,11 $a24,1 lok: 54179352 105 exp: 54179352 105 1 #EPN 201B/01 $005-02-26 $t10:18:58.000 201C/01 $005-02-26 201U/01 $0utf8 203@/01 $01333552661 208@/01 $a05-02-26 $be 209A/01 $a/ $f106 $x00 245Z/01 $a2.13. $bArchivwissenschaft und Archivtheorie / Ausbildung, Fortbildung und Berufsbild $x01 245Z/01 $a2.16.04.03. $bArchivwissenschaft und Archivtheorie / Archivaliengattungen / Bild- und Tonträger / Fotos $x02 247C/01 $8->Marburg, Bibliographie zum Archivwesen der Archivschule Marburg $939588196X
| LEADER | 00000caa a2200000 c 4500 | ||
|---|---|---|---|
| 001 | 541793527 | ||
| 003 | DE-603 | ||
| 005 | 20260205215318.0 | ||
| 007 | tu | ||
| 008 | 260205s2025 xx |||| | u00||u|ger c | ||
| 035 | |a (DE-599)HEB541793527 | ||
| 040 | |a DE-603 |b ger |c DE-603 |d DE-603 |e rda | ||
| 041 | |a ger | ||
| 084 | |a 9,11 |a 24,1 |2 ssgn | ||
| 100 | 1 | |a Locher, Hubert |d 1963- |e Verfasser |4 aut |0 (DE-603)152287302 |0 (DE-588)120756358 |2 gnd | |
| 245 | 0 | 0 | |a Fotografie - Medium und Archiv |b neuer interdisziplinärer Masterstudiengang an der Philipps-Universität Marburg |
| 264 | 0 | |c 2025 | |
| 300 | |b Illustrationen | ||
| 336 | |a Text |b txt |2 rdacontent | ||
| 337 | |a ohne Hilfsmittel zu benutzen |b n |2 rdamedia | ||
| 338 | |a Band |b nc |2 rdacarrier | ||
| 700 | 1 | |a Ruchatz, Jens |d 1969- |e Verfasser |4 aut |0 (DE-603)315721871 |0 (DE-588)1030017905 |2 gnd | |
| 773 | 0 | 8 | |i Enthalten in |t Rundbrief Fotografie |d Berlin : Deutscher Kunstverlag, 1993- |h 30 cm |x 0945-0327 |g Band 32, Heft 1 (2025), Seite 49-50 |w (DE-603)048641111 |w (DE-600)1176458-2 |
| 856 | 4 | 2 | |u https://www.degruyterbrill.com/journal/key/rbf/32/1/html |3 Volltext |
| 924 | 0 | |9 - |a (DE-603)1333552661 |b DE- |c HES |d d |g / | |